LEADER 00902nam0-22003131--450- 001 990008598820403321 005 20080515111319.0 020 $aIT$b6610782 035 $a000859882 035 $aFED01000859882 035 $a(Aleph)000859882FED01 035 $a000859882 100 $a20080108d1966----km-y0itay50------ba 101 0 $aita 102 $aIT 105 $ay-------001yy 200 1 $a<>ebrei nell'Italia meridionale dall'etą romana al secolo 18.$fNicola Ferorelli 205 $aRist. anast. 210 $aBologna$cA. Forni$d1966 215 $aXXII, 261 p.$d25 cm 676 $a301.45$v16$zita 700 1$aFerorelli,$bNicola$0157963 801 0$aIT$bUNINA$gRICA$2UNIMARC 901 $aBK 912 $a990008598820403321 952 $aSDI-XXIV A 11$bs.i.$fSDI 959 $aSDI 996 $aEbrei nell'Italia meridionale dall'etą romana al secolo 18$9155653 997 $aUNINA LEADER 02913nam0 2200469 i 450 001 BVE0238049 005 20231121125417.0 010 $a8849201958 020 $aIT$b2002-15038 100 $a20020531d2001 ||||0itac50 ba 101 | $aita 102 $ait 181 1$6z01$ai $bxxxe 182 1$6z01$an 200 1 $a˜Il œcomune di Viterbo$erepertorio dei monumenti$enotifiche e decreti di vincolo, leggi di tutela 364/1909 e 1089/1939$fa cura di Cristina Crisari, Riccardo Monachesi 210 $aRoma$cGangemi$dstampa 2001 215 $a304 p.$cill.$d30 cm 300 $aIn testa al front.: Regione Lazio, Assessorato alla cultura, spettacolo, sport e turismo; Ministero per i beni e le attivitą culturali, Soprintendenza per i beni ambientali e architettonici del Lazio. 606 $aPatrimonio architettonico$xViterbo$2FIR$3RMLC231206$9I 606 $aViterbo$xMonumenti$xRepertori$2FIR$3RMLC183841$9I 676 $a720.9456251$9$v21 702 1$aCrisari$b, Cristina$3BVEV090197 702 1$aMonachesi$b, Riccardo$3BVEV090198 712 01$aItalia$b : Soprintendenza per i beni ambientali e architettonici del Lazio$3BVEV003647 712 01$aLazio$b : Assessorato alla cultura, spettacolo, sport e turismo$3CFIV197759 791 02$aItalia$b : Ministero per i beni culturali e ambientali$b : Soprintendenza per i beni ambientali e architettonici del Lazio$3BVEV003648$zItalia : Soprintendenza per i beni ambientali e architettonici del Lazio 791 02$aSoprintendenza per i beni ambientali e architettonici del Lazio$3BVEV004016$zItalia : Soprintendenza per i beni ambientali e architettonici del Lazio 791 02$aMinistero per i beni e le attivitą culturali$b : Soprintendenza per i beni ambientali e architettonici del Lazio$3CFIV184405$zItalia : Soprintendenza per i beni ambientali e architettonici del Lazio 791 02$aRegione Lazio$b : Assessorato alla cultura, spettacolo, sport e turismo$3CFIV197760$zLazio : Assessorato alla cultura, spettacolo, sport e turismo 801 3$aIT$bIT-01$c20020531 850 $aIT-RM028 $aIT-RM0289 $aIT-RM0459 $aIT-RM0211 $aIT-RM1618 $aIT-FR0017 899 $aBiblioteca Universitaria Alessandrina$bRM028 899 $aBiblioteca Statale A. Baldini$bRM0289 899 $aARCHIVIO DI STATO DI ROMA$bRM0459 899 $aFondazione Marco Besso$bRM0211 899 $aIstituto superiore tecniche di conservazione beni culturali e ambiente$bRM1618 899 $aBiblioteca umanistica Giorgio Aprea$bFR0017 $eN 912 $aBVE0238049 950 0$aBiblioteca umanistica Giorgio Aprea$d 52PFR 709.45 Laz.Vit.$e 52SBA0000203115 VMN RS $fA $h20160419$i20160419 977 $a 01$a 04$a 12$a 14$a 37$a 52 996 $aComune di Viterbo$93603788 997 $aUNICAS